000 00441nab a2200145Ia 4500
003 ES-SlBCS
005 20210601125453.0
008 140529s1985-86 xxu||||| |||| 00| 0 eng d
041 _aeng
100 1 _aPage, Carl
_9159035
245 0 0 _aPredicating Forms of Matter in Aristotles's Methaphysics
_c Carl Page
600 0 4 _aAristóteles-Forma
_9159036
773 0 _tReview of Methaphysics
_gvol. 39, 1985-86, págs. 57-82
_wRev843
942 _cAR
999 _c530863
_d530863